Acta museologica ...

Bibliographic Details
Previous Title:Museologica ...
Other Authors: Murin, Ivan, 1967- (Compiler)
Format: Serial
Language:Slovak
English
PhysicalDescription:zv. ilustr. 25 cm
Published: Banská Štiavnica Katedra ekomuzeológie FPV UMB B. Bystrica 2004-
ISBN:8080559821 (brož. : III/2004)
8080830339 (brož. : IV/2004)
8080832676 (brož. : V/2006)
Subjects:

MARC

LEADER 00000nas a2200000 a 4500
001 vtls008413379
003 SK-MaSNL
005 20260228160922.0
008 051205c20049999xo x h 0 b0slo
015 |a SNBB2007/03-01199 (III/2004)  |a SNBB2007/03-01200 (IV/2004)  |a SNBB2007/03-01201 (V/2006) 
020 |a 8080559821 (brož. : III/2004) 
020 |a 8080830339 (brož. : IV/2004) 
020 |a 8080832676 (brož. : V/2006) 
040 |a SNK  |b slo  |c SNK  |e AACR2 
041 0 |a slo  |a eng  |b eng  |b slo 
044 |a xo  |c SK 
072 7 |a 069  |x Múzeá. Muzeológia. Múzejníctvo. Výstavy  |2 konspekt 
080 |a 069.01  |2 2001 
080 |a 930.85  |2 2001 
080 |a (082)  |2 2001 
245 0 0 |a Acta museologica ... 
260 |a Banská Štiavnica  |b Katedra ekomuzeológie FPV UMB B. Bystrica  |c 2004- 
300 |a zv.  |b ilustr.  |c 25 cm 
310 |a Nepravidelne 
362 0 |a [Roč.] III (2004)- 
500 |a Súčasťou názvu je označenie roč. rímskou číslicou 
500 |a Zost: III (2004)- , Ivan Murin 
504 |a Bibliogr. odkazy. Pozn. 
546 |a Text slov., angl.; Res. angl. alebo slov. 
650 0 7 |a kultúrne dedičstvo  |2 SNKPH  |9 4195 
650 0 7 |a prírodné dedičstvo  |2 SNKPH  |9 28630 
650 0 7 |a muzeológia  |2 SNKPH  |9 26558 
655 7 |a zborníky  |2 SNKPH  |9 70165 
700 1 |a Murin, Ivan,  |d 1967-  |4 com  |9 192430 
780 0 0 |t Museologica ...  |w (SNK) vtls001472220 
910 |a snk 
910 |a snmk 
919 |a 80-8055-982-1 
919 |a 80-8083-033-9 
919 |a 80-8083-267-6 
958 |a NB 
999 |c 3909  |d 5839 
952 |0 0  |1 0  |4 0  |7 0  |8 0  |a SNK  |b SNK  |d 2005-12-05  |i snk2005/20681  |l 0  |o snkČSC 3397/3/2004  |p 17A0477675  |r 2026-02-21 19:30:22  |w 2026-02-21  |y PREZ 
952 |0 0  |1 0  |4 0  |7 0  |8 0  |a SNK  |b SNK  |d 2005-12-05  |i snk2005/20682  |l 0  |o snkČSC 3397/3/2004 D1  |p 17A0477676  |r 2026-02-21 19:30:22  |w 2026-02-21  |y PREZ 
952 |0 0  |1 0  |4 0  |7 0  |8 0  |a SNK  |b SNK  |d 2006-05-02  |i snk2006/8963  |l 0  |o snkČSC 3397/4/2004  |p 17A0502104  |r 2026-02-21 19:58:33  |w 2026-02-21  |y PREZ 
952 |0 0  |1 0  |4 0  |7 0  |8 0  |a SNK  |b SNK  |d 2006-05-02  |i snk2006/8964  |l 0  |o snkČSC 3397/4/2004 D1  |p 17A0502105  |r 2026-02-21 19:58:33  |w 2026-02-21  |y PREZ 
952 |0 0  |1 0  |4 0  |7 0  |8 0  |a SNK  |b SNK  |d 2007-01-11  |i snk2007/842  |l 0  |o snkČSC 3397/5/2006  |p 17A0524711  |r 2026-02-21 20:19:26  |w 2026-02-21  |y PREZ 
952 |0 0  |1 0  |4 0  |7 0  |8 0  |a SNK  |b SNK  |d 2007-01-11  |i snk2007/843  |l 0  |o snkČSC 3397/5/2006 D1  |p 17A0524712  |r 2026-02-21 20:19:26  |w 2026-02-21  |y PREZ